000 00732nam a22001937a 4500
999 _c20295
_d20295
008 240516b ||||| |||| 00| 0 eng d
020 _a9712325776
082 _aDFil 343.04599
_bD37 1998
100 _aDe Leon, Hector S.
_957123
245 _aThe national internal revenue code annotated (P.D no. 1158, as amended up to R.A no. 8424.)
_cHector S. De Leon
250 _a6th edition.
260 _aManila :
_bRex Book Store, Inc.,
_c©1998.
300 _axx, 1205 pages :
_billustrations ;
_c23 cm.
500 _aIncludes appendices.
650 _aInternal revenue law
_zPhilippines.
_93561
650 _aTaxation
_zPhilippines.
_957203
650 _aTaxation
_zPhilippines
_xLaw and legislation.
_957204
942 _2ddc
_cDFIL